The psalms as Israel's prayer and our own / (Record no. 8678)

MARC details
000 -LEADER
fixed length control field 01305cam a2200397 i 4500
001 - CONTROL NUMBER
control field 18129989
003 - CONTROL NUMBER IDENTIFIER
control field GBCCL
005 - DATE AND TIME OF LATEST TRANSACTION
control field 20241126110656.0
007 - PHYSICAL DESCRIPTION FIXED FIELD--GENERAL INFORMATION
fixed length control field ta
008 - FIXED-LENGTH DATA ELEMENTS--GENERAL INFORMATION
fixed length control field 130420s2013 ii g 001 0 eng d
010 ## -
-- 2014347545
020 ## - INTERNATIONAL STANDARD BOOK NUMBER
International Standard Book Number 9788192512136 (paperback)
020 ## - INTERNATIONAL STANDARD BOOK NUMBER
International Standard Book Number 8192512134 (paperback)
025 ## - OVERSEAS ACQUISITION NUMBER
Overseas acquisition number I-E-2014-347545; 13-90
035 ## - SYSTEM CONTROL NUMBER
System control number (OCoLC)ocn858135778
035 ## - SYSTEM CONTROL NUMBER
System control number (OCoLC)858135778
037 ## - SOURCE OF ACQUISITION
Stock number Library of Congress -- New Delhi Overseas Office
040 ## - CATALOGING SOURCE
Original cataloging agency DKAGE
Language of cataloging eng
Description conventions rda
Transcribing agency DKAGE
Modifying agency DLC
042 ## -
-- lccopycat
-- lcode
050 00 -
-- BS1430.2
-- .M49 2013
082 04 - DEWEY DECIMAL CLASSIFICATION NUMBER
Classification number 223.206
Edition information 23
Item number MIL
100 1# - MAIN ENTRY--PERSONAL NAME
Personal name Miller, Robert D.,
Titles and words associated with a name II,
Relator term author.
9 (RLIN) 15331
245 14 - TITLE STATEMENT
Title The psalms as Israel's prayer and our own /
Statement of responsibility, etc. Robert D. Miller II.
264 #1 - PRODUCTION, PUBLICATION, DISTRIBUTION, MANUFACTURE, AND COPYRIGHT NOTICE
Place of production, publication, distribution, manufacture New Delhi :
Name of producer, publisher, distributor, manufacturer Christian World Imprints,
Date of production, publication, distribution, manufacture, or copyright notice 2013.
300 ## - PHYSICAL DESCRIPTION
Extent viii, 102 pages ;
Dimensions 22 cm.
336 ## - CONTENT TYPE
Content type term text
Content type code txt
Source rdacontent
337 ## - MEDIA TYPE
Media type term unmediated
Media type code n
Source rdamedia
338 ## - CARRIER TYPE
Carrier type term volume
Carrier type code nc
Source rdacarrier
490 0# - SERIES STATEMENT
Series statement Christian heritage rediscovered ;
Volume/sequential designation 2
500 ## - GENERAL NOTE
General note Includes index.
630 00 - SUBJECT ADDED ENTRY--UNIFORM TITLE
Uniform title Bible.
Name of part/section of a work Psalms
General subdivision Criticism, interpretation, etc.
9 (RLIN) 2721
650 #0 - SUBJECT ADDED ENTRY--TOPICAL TERM
Topical term or geographic name entry element Prayer
General subdivision Judaism.
9 (RLIN) 15332
906 ## - LOCAL DATA ELEMENT F, LDF (RLIN)
a 7
b cbc
c copycat
d 3
e ncip
f 20
g y-gencatlg
942 ## - ADDED ENTRY ELEMENTS (KOHA)
Source of classification or shelving scheme Dewey Decimal Classification
Koha item type Books
Koha issues (borrowed), all copies 1
Holdings
Withdrawn status Lost status Source of classification or shelving scheme Damaged status Not for loan Home library Current Library Shelving location Date acquired Total checkouts Full call number Barcode Date last seen Date last checked out Copy number Price effective from Koha item type
    Dewey Decimal Classification     GRACE BIBLE COLLEGE GRACE BIBLE COLLEGE Biblical Studies 2021-08-09 1 223.206 MIL 015130 2025-05-01 2025-02-03 c.1 2021-08-09 Books
    Dewey Decimal Classification     GRACE BIBLE COLLEGE GRACE BIBLE COLLEGE Biblical Studies 2021-08-09 3 223.206 MIL 015131 2026-02-18 2026-02-12 c.2 2021-08-09 Books
© Grace Bible College Library 2025